00864cam a2200241 a 450000100100000000500170001000800410002702000150006802000150008304000250009805000250012308200180014824500680016626000350023430000210026965100520029065000350034265000420037770000370041970000300045695201210048699900150060700000207520200929145825.0711201s1971 xxc 000 1 eng d a0887500463 a0887500471 aDO-SdBNPbengcBNPHU00aPZ1.H375bFoaPR9276 a813.01bF781s00aFourteen stories high /cedición David Helwig y Tom Marshall. aOttawa :bOberon Press,c1971. a172 p. ;c21 cm. 4aCanadaxSocial Life And CustomsxFiction.96677 4aShort stories, canadian.96678 4aCanadian fictiony20th century.966791 aMarshall, Tom,d1938-eed.966801 aHelwig, David,eed.96681 001054708MOaGRbGRcCTd2009-07-07iLF1l0o813.01 F781sp2075-10r2020-06-25w2020-06-25y4ZPréstamo en sala c1937d1937